00446nmm a2200169 a 4500003000900000005001700009008004100026040001300067100002700080245002200107260006200129300001000191650001300201650001400214650002100228653002700249AR-BaBNM20251128202708.0287019s1969 ||||||||||||||000 | spa|| cAR-BaBNM1 aAlcaide, Pedro Osvaldo10aTemas de sintaxis aSantiago del EsterobDirección General de Culturac19690 a89 p. 4aSINTAXIS 4aGRAMATICA 4aESTILO LITERARIO aENSENANZA DE LA LENGUA